000 00571nam a22001937a 4500
005 20251108170558.0
008 250721s9999 xx 000 0 ara d
082 1 4 _aط/812.9/يعق
100 1 _aيعقوب، لوسي
245 1 0 _aاللمسة الواعية /
264 _bدار الرشاد،
_c[19-].
300 _a16ص.
490 0 _aتمثيليات لطفلي
_v5
650 1 7 _aأدب الأطفال
650 1 7 _aالمسرحيات العربية
653 _aاطفال مرحلة متوسطة (6-9) سنوات
942 _2ddc
_cBK
999 _c43961
_d43961